Quick Pick: Game of Thrones Season 1 Quiz Stats

 Plays Quiz Updated Aug 6, 2017

Score 0/10 Timer 01:00
8 Plays Today
% Correct
Jaime Lannister
96.8%
Rickon Stark
93%
Petyr Baelish
92.7%
Viserys Targaryen
87.4%
Varys
86.5%
Sandor Clegane
84.9%
Jeor Mormont
82.3%
Samwell Tarly
80.8%
Hot Pie
52.7%
Walder Frey
45.6%

Today's Daily Dose

Missing Word
1973 Rock Albums

Word Ladder
Chores

You're not logged in!

Compare scores with friends on all Sporcle quizzes.
OR
Log In

Show Comments

Extras

Top Quizzes Today


Score Distribution

Your Account Isn't Verified!

In order to create a playlist on Sporcle, you need to verify the email address you used during registration. Go to your Sporcle Settings to finish the process.

Report this User

Report this user for behavior that violates our Community Guidelines.

Details: